000 00603nam a2200205Ia 4500
003 OSt
005 20260120112846.0
008 210210b1979 xxu||||| |||| 00| 0 eng d
040 _cAL
041 _aKannada
082 _a858/217
100 _aSHRINIVAS RAV KORATI
_9117243
_dಶ್ರೀನಿವಾಸ ರಾವ್ ಕೊರಟಿ
245 _aMahakavi kuvempu
_bಮಹಾಕವಿ ಕುವೆಂಪು
260 _aBengaLUru
_bGayatri Prakashana
_c1979
650 _aPuttappa K V
_9117244
650 _akuvempu
_9117245
690 _aBiography
_9117246
906 _a020760
942 _2ddc
_cBK
999 _c144914
_d144914